| 000 | 00629nam a2200169 4500 | ||
|---|---|---|---|
| 999 |
_c17341 _d17341 |
||
| 008 | 220928b ||||| |||| 00| 0 eng d | ||
| 020 | _a9781138694156 | ||
| 082 |
_22020 _aDC 307.14120941 _bB388 |
||
| 100 |
_aBeck, Dave. _946147 |
||
| 245 |
_aCommunity development for social change / _cDave Beck and Rod Purchell. |
||
| 260 |
_aNew York : _bRoutledge, _c©2020. |
||
| 300 |
_axv, 271 pages : _billustrations ; _c25 cm. |
||
| 500 | _aIncludes bibliographical references and index. | ||
| 650 |
_aCommunity development _zGreat Britain _xCase studies. _946148 |
||
| 700 |
_aPurchell, Rod. _eauthor. _946149 |
||
| 942 |
_2ddc _cDC |
||